000 00978nam0a22002651 4500
001 rc\606054
005 20250621181818.0
035 _a(NLR Aleph) 005850152
090 _a5770180
_c5770180
100 _a20031121d1986 |||y0rusy50 ca
101 0 _arus
102 _aRU
105 _ay |||||||||
200 1 _aПрактикум по литературному редактированию
_e[Учеб. пособие для вузов по спец. "Журналистика]
_fПод ред. А.В. Западова
205 _a3-е изд., перераб. и доп.
210 _aМ.
_cИзд-во МГУ
_d1986
215 _a455, [1] с.
_d22
320 _aБиблиогр.: с. 5-6, 20-22
700 1 _aЛазаревич
_bЭ.А.
_gЭлеонора Анатольевна
701 1 _aАбрамович
_bА.В.
_gАнна Владимировна
801 0 _aRU
_bNLR
_gpsbo
801 1 _aRU
_bELAR
_2rusmarc
852 _aNLR
_j86-5/115
942 _cBOOK
980 _aNB